000 00707nam a2200241Ia 4500
003 OSt
005 20220926005736.0
006 a|||||r|||| 00| 0
007 ta
008 220923b |||||||| |||| 00| 0 eng d
037 _cGeneral Book
040 _aRTL
_cRTL
_beng
041 _2eng
_aeng
082 _aX9(M):545.2.N8, M8
100 _aKathuria Sanjay
_9263224
245 0 _aIndian handicraft exports
_bConstraints and prospects
260 _a New Delhi
_bTata McGraw-Hill
_c1988
300 _axi,160p
_ccm.
500 _aBibliography P 150-55
650 _aUseful Art
_9251729
942 _hX9(M):545.2.N8, M8
_cGB
_2CC
999 _c615053
_d615053